000 002820000a22000970004500
100 1 _aBascom, Roberto
245 1 0 _aLa crítica textualy la Biblia hebrea
300 _aVol.60, núm.277 (Noviembre, diciembre, 2005), Páginas 19-23
773 0 _tLa Biblia de las Américas
942 _cANA
999 _c61622
_d61622